|
|
|
|
| LEADER |
00000nab a2200000 a 4500 |
| 001 |
vtls000010381 |
| 003 |
SK-MaSNL |
| 005 |
20260304065700.0 |
| 008 |
250422c1978 xo 0 slo |
| 015 |
|
|
|a SNBRB19rr/mm-uuuuu
|
| 035 |
|
|
|a CL0020475
|
| 035 |
|
|
|a urn:nbn:sk:snk-ab1byp
|
| 035 |
|
|
|a (urnnbn)urn:nbn:sk:snk:ar-001sug
|
| 035 |
|
|
|a (uuid)d647165c-4291-4f8e-b2ac-210ba35ce9e9
|
| 040 |
|
|
|a SNKBUCL
|b slo
|c SNKBUCL
|e AACR2
|
| 041 |
0 |
|
|a cze
|
| 044 |
|
|
|a xo
|c SK
|
| 080 |
|
|
|a 669
|2 1981
|
| 080 |
|
|
|a 539
|2 1981
|
| 080 |
|
|
|a 620.1
|2 1981
|
| 100 |
1 |
|
|a Pahutová, Marie
|4 aut
|9 779420
|
| 245 |
1 |
0 |
|a Měření vnitřní napětí a anelasticit při creepu
|c Marie Pahutová, Josef Čadek
|
| 300 |
|
|
|b Obr. 9. Res. rus., angl.
|
| 650 |
0 |
7 |
|a kovy
|2 snkbucl
|9 16608
|
| 650 |
0 |
7 |
|a deformácie
|2 snkbucl
|9 14637
|
| 650 |
0 |
7 |
|a napätie materiálu
|2 snkbucl
|9 82412
|
| 655 |
|
7 |
|a články z novín a časopisov
|2 snkbucl
|9 267496
|
| 700 |
1 |
|
|a Čadek, Josef,
|d 1925-2003
|4 aut
|9 5394
|
| 773 |
0 |
|
|t Kovové materiály
|g Roč. 16, č. 4 (1978), s. 407-425
|
| 850 |
|
|
|a Slovenská národná knižnica
|
| 852 |
|
|
|a Slovenská národná knižnica
|
| 954 |
|
|
|a odborná, vedecká literatúra cudzojazyčná (svetová)
|2 lita
|
| 958 |
|
|
|a article27
|
| 958 |
|
|
|a RK
|
| 958 |
|
|
|a OND
|
| 958 |
|
|
|a EUIPO
|
| 992 |
|
|
|a RBX
|
| 999 |
|
|
|c 2752002
|d 2753932
|